000 01159nam a2200289 a 4500
001 ebr10416204
003 CaPaEBR
006 m u
007 cr cn|||||||||
008 101001s2009 ii ad sb 001 0 eng d
020 _z9788188449729
040 _aCaPaEBR
_cCaPaEBR
035 _a(OCoLC)680627000
050 1 4 _aQP144.F52
_bA94 2009eb
100 1 _aAugusti, K. T.
245 1 0 _aRole of dietary fibers and nutraceuticals in preventing diseases
_h[electronic resource] /
_cK.T. Augusti ... [et al.].
260 _aHyderabad [India] :
_bPharmaMed Press,
_c2009.
300 _axxiii, 525 p. :
_bill.
504 _aIncludes bibliographical references and index.
533 _aElectronic reproduction.
_bPalo Alto, Calif. :
_cebrary,
_d2010.
_nAvailable via World Wide Web.
_nAccess may be limited to ebrary affiliated libraries.
650 0 _aFunctional foods.
650 0 _aFiber in human nutrition.
650 0 _aMedicine, Preventive.
655 7 _aElectronic books.
_2local
710 2 _aebrary, Inc.
856 4 0 _uhttp://site.ebrary.com/lib/rucke/Doc?id=10416204
_zAn electronic book accessible through the World Wide Web; click to view
999 _c187157
_d187157